000 00771cam a2200205 4500
001 WS106773
008 000000n 000 0 eng u
035 _a(Sirsi) u106773
245 _aEuropean Environment Law
520 _aWeb site which analyses European environmental law including full text of cases and legislation. It includes full text of environmental treaties ratified by the EC. There is also a list of links to environment sites in each EC country.
650 _aEUROPEAN LAW
650 _aEUROPE
650 _aTREATIES
650 _aEU DIRECTIVES
650 _aINTERNATIONAL
650 _aLEGISLATION
690 _aENVIRONMENTAL AND LAND CONSULTANCY
856 4 0 _uhttps://www.eel.nl
_zView the website free of charge at www.eel.nl...
942 _n0
999 _c119512
_d119512